| 000 | 01065cam a22002651 4500 | ||
|---|---|---|---|
| 999 |
_c1806 _d1806 |
||
| 001 | 1806 | ||
| 003 | BD-JhCC | ||
| 005 | 20190418134017.0 | ||
| 008 | 750624s1958 xx 000 0 eng | ||
| 035 | _a(BD-JhCC)1806 | ||
| 035 | _a(OCoLC)1406666 | ||
| 040 |
_aDLC _cFJ _dDLC |
||
| 041 | _aeng | ||
| 050 | 0 | 0 |
_aPZ5.H134 _bTh |
| 082 |
_a808.8 _bHAL 1958 |
||
| 100 | 1 | _aHale, Jeanne, | |
| 245 | 1 | 0 |
_aThrough golden windows : _bStories of Early America / _cEdited by Nora Beust [and] others, Editor-in-chief: Jeanne Hale, assistant editor: Muriel Johnston. |
| 260 |
_aEau Claire, Wis., _bE.M. Hale _c[1958] |
||
| 300 |
_a10 v. _billus. _c24 cm. |
||
| 500 | _aVerse and prose. | ||
| 505 | 0 | _a[1] Mostly magic--[2] Fun and fantasy.--[3] Wonderful things happen.--[4] Adventures here and there.--[5] Good times together.--[6] Children everywhere.--[7] Stories of early America.--[8] American backgrounds.--[9] Wide, wonderful world.--[10] Men and his world. | |
| 650 | 0 | _aChildren's literature. | |
| 700 | 1 |
_aReust, Nora, Eruestine, _d1888- |
|
| 942 |
_2ddc _cBK _01 |
||